Départements français de 31 à 62 - Trouvez l'erreur - Statistiques

Statistiques générales
  • Ce quiz a été pris 12 fois
  • Le résultat moyen est 6 sur 32
Statistiques - réponses
Question Réponse % Correct
L'OISE est en région Ile-de-France
67%
LA MEUSE est limitrophe de la Moselle
67%
LE LOT ses habitants sont les Lotiens
67%
L'ISERE accueille un festival Offenbach
33%
LA HAUTE-MARNE a pour préfecture Langres
33%
LE LOIR-ET-CHER a vu mourir Denis Papin
33%
LA MOSELLE a vu mourir Paul Verlaine
33%
LA LOZERE elle tire son nom d'une rivière
33%
LA MEURTHE-ET-MOSELLE Emile Gallé y a fondé l'Ecole de Nancy en 1851
33%
LA MARNE est située dans la région Hauts-de-France
33%
LA MAYENNE le département dispose d'un aéroport commercial d'importance
33%
LA MANCHE le département tire son nom de sa forme
33%
LA NIEVRE sa préfecture est Château-Chinon
33%
L'ILLE-ET-VILAINE se situe en Normandie
33%
LA HAUTE-LOIRE sur son blason figurent un poisson et une crosse
33%
L'HERAULT tire son nom d'une rivière
33%
LA HAUTE-GARONNE a 3 sous-préfectures
0%
LA LOIRE a été créé en 1790
0%
LE GERS a un point culminant à 499 m
0%
LA GIRONDE a vu naitre Danielle Darrieux en 1927
0%
LE NORD Cambrai a été sa 1ère préfecture
0%
LE JURA ce nom est aussi celui d'un gâteau
0%
LE LOT-ET-GARONNE c'est le département du président Emile Loubet
0%
L'ORNE c'est le second département pour l'élevage des trotteurs
0%
LA LOIRE-ATLANTIQUE Elle a vu naître et mourir Jules Verne
0%
LES LANDES la commune la moins peuplée est Arx
0%
LE MORBIHAN le festival interceltique s'y déroule depuis 1961
0%
L'INDRE Le nom des 3 sous-préfectures commence par Le ou La
0%
LE LOIRET le quotidien local est le Loiret Libre
0%
LE MAINE-ET-LOIRE on peut s'y promener dans l'Anjou blanc et l'Anjou vert
0%
L'INDRE-ET-LOIRE porte une fleur de lys sur son blason
0%
LE PAS-DE-CALAIS s'écrit comme le nom du détroit qui lui a donné son nom
0%
Aucun quiz correspondant
Distribution des résultats
% des personnes avec chaque résultat
Percentile par nombre de réponses
Votre historique - résultats
Vous n’avez pas pris ce quiz